Organizační architektura Vývojové tendence
Vývojové tendencie organizačných štruktúr podnikov. Odklon od vertikálnej organizačnej štruktúry ku štruktúre horizontálnej, resp. od štruktúry hierarchickej ku štruktúre typu "kvet". Vývoj organizačných štruktúr (hierarchické organizačné štruktúry, divízie, maticové organizácie, strategické podnika...
Salvato in:
| Autore principale: | |
|---|---|
| Natura: | Capitolo di libro |
| Lingua: | ceco |
| Soggetti: | |
| Tags: |
Nessun Tag, puoi essere il primo ad aggiungerne!!
|
MARC
| LEADER | 00000naa a2200000 4500 | ||
|---|---|---|---|
| 001 | r026242 | ||
| 005 | 20230922084523.6 | ||
| 041 | 0 | |a cze | |
| 044 | |a CZ | ||
| 245 | 1 | 0 | |a Organizační architektura |b Vývojové tendence |c Jan Truneček |
| 520 | |a Vývojové tendencie organizačných štruktúr podnikov. Odklon od vertikálnej organizačnej štruktúry ku štruktúre horizontálnej, resp. od štruktúry hierarchickej ku štruktúre typu "kvet". Vývoj organizačných štruktúr (hierarchické organizačné štruktúry, divízie, maticové organizácie, strategické podnikateľské jednotky SBU). Organizačná štruktúra H. Mintzberga. Procesné tímy. Améby v japonských podnikoch. Vývoj od operačného k procesnému manažmentu. Nová podniková filozofia podľa R.M. Kanterovej. | ||
| 610 | 2 | 0 | |a štruktúra podniku organizačná |
| 610 | 2 | 0 | |a hierarchia podniková |
| 610 | 2 | 0 | |a Mintzberg, H. |
| 610 | 2 | 0 | |a Kanterová, R.M. |
| 610 | 2 | 0 | |a riadenie podnikové |
| 610 | 2 | 0 | |a riadenie procesné |
| 610 | 2 | 0 | |a útvary podnikové |
| 610 | 2 | 0 | |a pružnosť organizácie |
| 100 | 1 | |a Truneček, Jan | |